| 000 | 00490nam a2200193Ia 4500 | ||
|---|---|---|---|
| 008 | 170705s9999 xx 000 0 und d | ||
| 020 | _a9780439566285 | ||
| 245 | _aOwls, bats, wolves : | ||
| 245 | _band other nocturnal animals / | ||
| 245 | _cby Kris Hirschmann. | ||
| 260 | _aNew York : | ||
| 260 | _bScholastic, | ||
| 260 | _c2003 | ||
| 300 | _a32 pages : | ||
| 300 | _bcolor illustration ; | ||
| 300 | _c23cm. | ||
| 440 | _aWorld discovery science readers. | ||
| 500 | _a640 | ||
| 999 |
_c337109 _d337109 |
||